[Event "Mercredi 2025.01.08 ABCD"]
[Site "Montreal CAN"]
[Date "2025.01.22"]
[Round "3"]
[White "Guillemette, Hugo"]
[Black "Batorshyn, Ilia"]
[Result "0-1"]
[WhiteElo "2256"]
[BlackElo "2209"]
[WhiteFideId "-1"]
[WhiteFideId "-1"]
[PlyCount "134"]
[GameId "2142799102364418"]
[EventDate "2025.01.08"]
[EventType "tourn"]
[EventRounds "5"]
[EventCountry "CAN"]

1. d4 Nf6 2. c4 g6 3. g3 Bg7 4. Bg2 O-O 5. Nc3 d6 6. Nf3 c6 7. O-O Bf5 8. Re1 Ne4 9. Nh4 Nxc3 10. bxc3 Be6 11. Qd3 Qa5 12. Bd2 Qa6 13. d5 Bc8 14. c5 dxc5 15. Qxa6 Nxa6 16. dxc6 bxc6 17. Bxc6 Rb8 18. Rab1 Rd8 19. Nf3 Bg4 20. Bf4 Rxb1 21. Rxb1 Bxc3 22. a3 Bxf3 23. Bxf3 e5 24. Bg5 Rd7 25. Bh6 f6 26. Bb7 Nc7 27. Bc6 Rd6 28. Rb8+ Kf7 29. Ba4 g5 30. Rb7 Ba5 31. Rxa7 Ra6 32. Rb7 Ra8 33. Bc2 Ke6 34. h4 gxh4 35. gxh4 Kd6 36. Be3 Nd5 37. Bh6 Bc7 38. h5 Rg8+ 39. Kf1 c4 40. a4 c3 41. e4 Nb6 42. a5 Nc4 43. Bb3 Nd2+ 44. Bxd2 cxd2 45. a6 Ra8 46. a7 d1=Q+ 47. Bxd1 Kc6 48. Rb3 Rxa7 49. Rg3 Ra1 50. Ke2 Ra2+ 51. Kf3 Bb6 52. Be2 f5 53. Bb5+ Kxb5 54. exf5 Rxf2+ 55. Ke4 Bd4 56. Rg7 Kc6 57. Rf7 Rf4+ 58. Kd3 h6 59. Rf8 Bc5 60. Rf6+ Kd5 61. Rxh6 e4+ 62. Ke2 Rxf5 63. Rh8 Rf2+ 64. Ke1 Rh2 65. h6 e3 66. Rd8+ Kc4 67. h7 Bb4+ 0-1

[Event "Mercredi 2025.01.08 ABCD"]
[Site "Montreal CAN"]
[Date "2025.01.22"]
[Round "3"]
[White "Jacquet, Stephane"]
[Black "Deboosere, Adam"]
[Result "0-1"]
[WhiteElo "2043"]
[BlackElo "2003"]
[WhiteFideId "-1"]
[WhiteFideId "-1"]
[PlyCount "96"]
[GameId "2142799102540572"]
[EventDate "2025.01.08"]
[EventType "tourn"]
[EventRounds "5"]
[EventCountry "CAN"]

1. d4 Nf6 2. c4 e6 3. Nf3 b6 4. g3 Bb7 5. Bg2 g6 6. O-O Bg7 7. Nc3 Ne4 8. Qc2 Nxc3 9. Qxc3 O-O 10. Bg5 Qc8 11. Qe3 d6 12. h4 h5 13. Bh3 Nd7 14. Rad1 a5 15. Rd2 Qe8 16. Rfd1 Nf6 17. Bh6 Ne4 18. Rd3 Kh7 19. Bxg7 Kxg7 20. Qf4 Nf6 21. Ng5 Nh7 22. Kh2 Qe7 23. g4 Nxg5 24. hxg5 Rh8 25. Rg3 hxg4 26. Qxg4 Rh5 27. e4 Rah8 28. Re1 e5 29. f4 Rh4 30. f5 Qd8 31. f6+ Kg8 32. Qd1 Bxe4 33. dxe5 Bf5 34. Ree3 Qd7 35. e6 Bxe6 36. Qd3 Bxh3 37. Rxh3 Rxh3+ 38. Rxh3 Rxh3+ 39. Qxh3 Qxh3+ 40. Kxh3 Kf8 41. Kg4 Ke8 42. Kf4 Kd7 43. Ke4 Ke6 44. b3 c6 45. a4 d5+ 46. Kf4 d4 47. Ke4 c5 48. Kf4 d3 0-1

[Event "Mercredi 2025.01.08 ABCD"]
[Site "Montreal CAN"]
[Date "2025.01.22"]
[Round "3"]
[White "Latorre, Vincent"]
[Black "Leveille, Francois"]
[Result "1-0"]
[WhiteElo "2324"]
[BlackElo "2275"]
[WhiteFideId "-1"]
[WhiteFideId "-1"]
[PlyCount "67"]
[GameId "2142799102364419"]
[EventDate "2025.01.08"]
[EventType "tourn"]
[EventRounds "5"]
[EventCountry "CAN"]

1. e4 c5 2. Nf3 Nc6 3. d4 cxd4 4. Nxd4 Nf6 5. Nc3 e5 6. Ndb5 d6 7. Bg5 a6 8. Na3 b5 9. Bxf6 gxf6 10. Nd5 f5 11. g3 fxe4 12. Bg2 Be6 13. Bxe4 Bg7 14. Qh5 Rc8 15. O-O Ne7 16. Rad1 Rc5 17. Nxe7 Qxe7 18. b4 Rc3 19. Nb1 Rc4 20. Nd2 Rxb4 21. c3 Ra4 22. c4 h6 23. Bc6+ Kf8 24. Ne4 Rxc4 25. Rxd6 Rxe4 26. Rxe6 Qxe6 27. Bxe4 Ke7 28. Bc2 Qxa2 29. Qh4+ Bf6 30. Qb4+ Ke8 31. Bb3 Qe2 32. Qd6 Be7 33. Qb8+ Bd8 34. Rd1 1-0

[Event "Mercredi 2025.01.08 ABCD"]
[Site "Montreal CAN"]
[Date "2025.01.22"]
[Round "3"]
[White "Mok, Yuen Tak"]
[Black "Gelet, Seymour"]
[Result "1-0"]
[WhiteElo "2121"]
[BlackElo "2101"]
[WhiteFideId "-1"]
[WhiteFideId "-1"]
[PlyCount "99"]
[GameId "2142799102495501"]
[EventDate "2025.01.08"]
[EventType "tourn"]
[EventRounds "5"]
[EventCountry "CAN"]

1. e4 c5 2. Nf3 a6 3. c4 Nc6 4. d4 cxd4 5. Nxd4 e5 6. Nf5 d5 7. cxd5 Bxf5 8. exf5 Nd4 9. Nc3 Ne7 10. Bd3 Nxd5 11. O-O Be7 12. Re1 Nxc3 13. bxc3 Nc6 14. Qf3 O-O 15. Rb1 Rc8 16. Be4 Bf6 17. Rxb7 Na5 18. Ra7 Qb6 19. Be3 Qb5 20. Rb1 Qc4 21. Bd5 Qd3 22. Rd1 Qb5 23. Qh5 Rcd8 24. Bxf7+ Kh8 25. Re1 Rxf7 26. Qxf7 Qe2 27. Rf1 Nc4 28. Rd7 Rg8 29. Bc5 Nd2 30. Rxd2 Qxd2 31. Qb3 e4 32. c4 Qf4 33. Be3 Qxf5 34. Qb6 Qc8 35. c5 Bd8 36. Qb4 Qc6 37. Rb1 Qd5 38. Qb3 Qc6 39. g3 h6 40. Rd1 Bc7 41. Qd5 Qa4 42. Rd4 Qb5 43. Qc4 Qc6 44. Rxe4 Rb8 45. Qe6 Rb1+ 46. Kg2 Qb7 47. Kh3 Rg1 48. Bxh6 Bd8 49. Be3 Bf6 50. Qe8+ 1-0

[Event "Mercredi 2025.01.08 ABCD"]
[Site "Montreal CAN"]
[Date "2025.01.22"]
[Round "3"]
[White "Nassif, Aba"]
[Black "Both, Aaron"]
[Result "1/2-1/2"]
[WhiteElo "1989"]
[BlackElo "1977"]
[WhiteFideId "-1"]
[WhiteFideId "-1"]
[PlyCount "88"]
[GameId "2142799102540573"]
[EventDate "2025.01.08"]
[EventType "tourn"]
[EventRounds "5"]
[EventCountry "CAN"]

1. e4 d6 2. d4 Nf6 3. Nc3 Nbd7 4. g4 h6 5. h3 e5 6. Be3 c6 7. Bg2 b5 8. a3 Bb7 9. Nge2 a6 10. O-O Qc7 11. d5 cxd5 12. Nxd5 Bxd5 13. exd5 Rc8 14. Rc1 g6 15. c4 bxc4 16. Qa4 Bg7 17. Qxa6 O-O 18. Rc2 e4 19. Nc3 Ra8 20. Qc6 Rfc8 21. Nxe4 Nxe4 22. Bxe4 Qd8 23. Qxd6 Be5 24. Qb4 Qh4 25. Bg2 Rab8 26. Qd2 Rb3 27. f4 Bxb2 28. Rxb2 c3 29. Qf2 cxb2 30. Qxh4 Rxe3 31. Qf2 Rb3 32. Be4 Nf6 33. Bc2 Rxh3 34. d6 Rcc3 35. Kg2 Nxg4 36. d7 Nxf2 37. d8=Q+ Kh7 38. f5 Rxc2 39. fxg6+ Kxg6 40. Qb6+ f6 41. Rxf2 Rxf2+ 42. Kxh3 Rf3+ 43. Kg4 Rxa3 44. Qxb2 Ra5 1/2-1/2

[Event "Mercredi 2025.01.08 ABCD"]
[Site "Montreal CAN"]
[Date "2025.01.22"]
[Round "3"]
[White "Pomerantz, Daniel"]
[Black "Cardin, Guillaume"]
[Result "1-0"]
[WhiteElo "2083"]
[BlackElo "2092"]
[WhiteFideId "-1"]
[WhiteFideId "-1"]
[PlyCount "61"]
[GameId "2142799102495503"]
[EventDate "2025.01.08"]
[EventType "tourn"]
[EventRounds "5"]
[EventCountry "CAN"]

1. e4 c5 2. Nf3 Nc6 3. d4 cxd4 4. Nxd4 g6 5. c4 Nf6 6. Nc3 d6 7. Be2 Nxd4 8. Qxd4 Bg7 9. O-O O-O 10. Qd3 Be6 11. Be3 Nd7 12. b3 Nc5 13. Qc2 a5 14. f3 f5 15. exf5 Bxf5 16. Qd2 Qe8 17. Rad1 Qf7 18. Kh1 Be6 19. Rfe1 Rfc8 20. Bf1 Bf6 21. Bd4 a4 22. Bxf6 Qxf6 23. b4 Nd7 24. Ne4 Qf5 25. Ng5 Bxc4 26. Bxc4+ Rxc4 27. g4 Qf4 28. Qd5+ Kh8 29. Rxe7 Nf8 30. Nf7+ Kg7 31. Nxd6+ 1-0

[Event "Mercredi 2025.01.08 ABCD"]
[Site "Montreal CAN"]
[Date "2025.01.29"]
[Round "4"]
[White "Batorshyn, Ilia"]
[Black "Zheng, Richard"]
[Result "1-0"]
[WhiteElo "2209"]
[BlackElo "2395"]
[WhiteFideId "-1"]
[WhiteFideId "-1"]
[PlyCount "67"]
[GameId "2142799102364421"]
[EventDate "2025.01.08"]
[EventType "tourn"]
[EventRounds "5"]
[EventCountry "CAN"]

1. d4 d5 2. c4 c6 3. cxd5 cxd5 4. Nf3 Nc6 5. Nc3 Nf6 6. Bf4 a6 7. Rc1 Bf5 8. e3 e6 9. Qb3 Bd6 10. Qxb7 Na5 11. Qxa8 Qxa8 12. Bxd6 Nc4 13. Bxc4 dxc4 14. O-O Ne4 15. Ba3 f6 16. Rfe1 Kf7 17. Nxe4 Bxe4 18. Nd2 Bd3 19. Rc3 Qd5 20. Bc5 e5 21. b3 e4 22. bxc4 Qg5 23. d5 h5 24. Bd6 h4 25. h3 Rd8 26. Bc7 Rd7 27. d6 Qe5 28. Rec1 g5 29. c5 g4 30. hxg4 Qg5 31. c6 Qxg4 32. cxd7 h3 33. g3 Qxd7 34. Rc5 1-0

[Event "Mercredi 2025.01.08 ABCD"]
[Site "Montreal CAN"]
[Date "2025.01.29"]
[Round "4"]
[White "Boudreau, Daniel"]
[Black "Barko, Maxim"]
[Result "0-1"]
[WhiteElo "1906"]
[BlackElo "1955"]
[WhiteFideId "-1"]
[WhiteFideId "-1"]
[PlyCount "131"]
[GameId "2142799102548783"]
[EventDate "2025.01.08"]
[EventType "tourn"]
[EventRounds "5"]
[EventCountry "CAN"]

1. e4 d6 2. d4 Nf6 3. Nc3 e5 4. Nf3 Nbd7 5. Bc4 Be7 6. a4 c6 7. h3 h6 8. Be3 Qc7 9. Qd2 b6 10. O-O Nf8 11. Rfe1 g5 12. Nh2 Ng6 13. Be2 Nf4 14. Bxf4 gxf4 15. Kh1 Rg8 16. Rg1 h5 17. Bf1 Bd7 18. Ba6 Rd8 19. Rae1 Rg6 20. Nf3 Nh7 21. Kh2 h4 22. Be2 Bf6 23. d5 c5 24. Nb5 Qb8 25. b3 Ke7 26. c4 a6 27. Nc3 Rdg8 28. Bd1 Qc8 29. Qd3 Qe8 30. Be2 R8g7 31. Bf1 a5 32. Ne2 Bg5 33. Qc3 Nf6 34. Nc1 Nh5 35. Nd3 Bf6 36. Qa1 Qg8 37. Qd1 Rh7 38. Re2 Rhg7 39. Re1 Rh6 40. Qe2 Qh8 41. Qd2 Qh7 42. Be2 Rg8 43. Bf1 Rh8 44. Rh1 Bc8 45. b4 cxb4 46. Nxb4 axb4 47. Qxb4 Qg8 48. Qxb6 Qd8 49. Qb4 Qc7 50. Rb1 Bd7 51. Be2 Rc8 52. Rhc1 Qc5 53. Qe1 Bxa4 54. Ra1 Bd7 55. Nd2 Rhh8 56. Nb3 Qb6 57. Bd1 f3 58. Rc3 fxg2 59. Bxh5 Rxh5 60. Nd2 g1=Q+ 61. Qxg1 Rg5 62. Qf1 Rcg8 63. c5 Qb7 64. cxd6+ Kxd6 65. Nc4+ Ke7 66. Ra7 0-1

[Event "Mercredi 2025.01.08 ABCD"]
[Site "Montreal CAN"]
[Date "2025.01.29"]
[Round "4"]
[White "Deboosere, Adam"]
[Black "Nassif, Aba"]
[Result "0-1"]
[WhiteElo "2003"]
[BlackElo "1989"]
[WhiteFideId "-1"]
[WhiteFideId "-1"]
[PlyCount "106"]
[GameId "2142799102540575"]
[EventDate "2025.01.08"]
[EventType "tourn"]
[EventRounds "5"]
[EventCountry "CAN"]

1. Nf3 Nc6 2. d4 d5 3. Bf4 Bf5 4. e3 e6 5. Bd3 Bg6 6. c4 dxc4 7. Bxc4 Nb4 8. Na3 Nf6 9. O-O a6 10. Ne5 Be4 11. f3 Bd5 12. e4 Bxc4 13. Naxc4 b5 14. Nxf7 Kxf7 15. Ne5+ Ke8 16. a3 Nbd5 17. exd5 Nxd5 18. Qc1 Bd6 19. Qc6+ Kf8 20. Nd7+ Ke7 21. Bg5+ Nf6 22. Nc5 Bxc5 23. dxc5 Qd7 24. Qe4 Qd5 25. Qe3 Rad8 26. Rad1 Qxd1 27. Rxd1 Rxd1+ 28. Kf2 Rd5 29. Bxf6+ gxf6 30. Qh6 Kf7 31. b4 Rd3 32. Qf4 Rd7 33. Qe4 Rd5 34. Qf4 Re5 35. c6 Ke7 36. Qh6 Kf7 37. Qf4 Rd8 38. Qh6 Rh8 39. g4 Rd5 40. h4 Rd6 41. g5 fxg5 42. hxg5 e5 43. Qh5+ Kg7 44. Qg4 Rf8 45. Qe4 Re8 46. Qf5 Re7 47. Qc8 Rxc6 48. Qd8 Rce6 49. Kg3 e4 50. f4 e3 51. f5 e2 52. f6+ Kf7 53. g6+ hxg6 0-1

[Event "Mercredi 2025.01.08 ABCD"]
[Site "Montreal CAN"]
[Date "2025.01.29"]
[Round "4"]
[White "Di Matteo, Alessio"]
[Black "Jacquet, Stephane"]
[Result "1-0"]
[WhiteElo "1965"]
[BlackElo "2043"]
[WhiteFideId "-1"]
[WhiteFideId "-1"]
[PlyCount "71"]
[GameId "2142799102540576"]
[EventDate "2025.01.08"]
[EventType "tourn"]
[EventRounds "5"]
[EventCountry "CAN"]

1. d4 d6 2. c4 g6 3. Nc3 Bg7 4. e4 Nf6 5. Nf3 O-O 6. Be2 Na6 7. O-O e5 8. Re1 Qe8 9. Bf1 Bg4 10. d5 Nh5 11. a3 f5 12. b4 Nf6 13. Qc2 Bxf3 14. gxf3 f4 15. c5 g5 16. c6 b5 17. Bxb5 Nb8 18. Bf1 Qh5 19. Qe2 g4 20. fxg4 Nxg4 21. f3 Ne3 22. Kh1 Rf6 23. Nd1 Nxf1 24. Rxf1 Rh6 25. Ra2 Bf6 26. Rg1+ Kf7 27. Rg4 Qh3 28. Qg2 Na6 29. Nf2 Qh5 30. Re2 Rf8 31. Re1 Bh4 32. Rg7+ Ke8 33. Qh3 Nb8 34. Reg1 Rf7 35. Qc8+ Bd8 36. Rg8+ 1-0

[Event "Mercredi 2025.01.08 ABCD"]
[Site "Montreal CAN"]
[Date "2025.01.29"]
[Round "4"]
[White "Gadbois, Patrick"]
[Black "Both, Aaron"]
[Result "0-1"]
[WhiteElo "1959"]
[BlackElo "1977"]
[WhiteFideId "-1"]
[WhiteFideId "-1"]
[PlyCount "76"]
[GameId "2142799102540577"]
[EventDate "2025.01.08"]
[EventType "tourn"]
[EventRounds "5"]
[EventCountry "CAN"]

1. d4 f5 2. e3 Nf6 3. f4 e6 4. Nf3 b6 5. Bd3 Bb7 6. O-O Be7 7. c4 O-O 8. Nc3 c5 9. Qc2 Nc6 10. a3 d5 11. cxd5 Nxd5 12. Nxd5 Qxd5 13. e4 fxe4 14. Bxe4 Nxd4 15. Bxd5 Nxc2 16. Bxe6+ Kh8 17. Ra2 Bxf3 18. Rxf3 Nd4 19. Re3 Rxf4 20. Bd5 Raf8 21. Bf3 Bd6 22. Rd3 Rxf3 23. gxf3 Ne2+ 24. Kg2 Nxc1 25. Rxd6 Nxa2 26. Rd7 Nc1 27. Rxa7 h6 28. Rb7 Rf6 29. b4 cxb4 30. axb4 Nd3 31. b5 Ne1+ 32. Kf2 Nxf3 33. Ke3 Nxh2 34. Ke4 Nf3 35. Rc7 Nd2+ 36. Kd5 Nb3 37. Rc6 Rf5+ 38. Kc4 Na5+ 0-1

[Event "Mercredi 2025.01.08 ABCD"]
[Site "Montreal CAN"]
[Date "2025.01.29"]
[Round "4"]
[White "Gelet, Seymour"]
[Black "Chapdelaine, Gwyn"]
[Result "1-0"]
[WhiteElo "2101"]
[BlackElo "2194"]
[WhiteFideId "-1"]
[WhiteFideId "-1"]
[PlyCount "69"]
[GameId "2142799102495505"]
[EventDate "2025.01.08"]
[EventType "tourn"]
[EventRounds "5"]
[EventCountry "CAN"]

1. g3 d5 2. Nf3 Nf6 3. Bg2 h6 4. d4 Bf5 5. c4 e6 6. Qb3 Nbd7 7. cxd5 Nxd5 8. Nfd2 Bxb1 9. Nxb1 N7b6 10. Nc3 Be7 11. O-O O-O 12. Rd1 Rc8 13. e4 Nf6 14. d5 exd5 15. e5 Nfd7 16. Nxd5 Nxd5 17. Bxd5 Bc5 18. e6 Ne5 19. Be3 Bxe3 20. Qxe3 Qf6 21. f4 Ng4 22. exf7+ Kh8 23. Qe6 c6 24. Bb3 h5 25. h3 Nh6 26. Qxf6 gxf6 27. Rd7 c5 28. Be6 Kg7 29. Rad1 Nxf7 30. Rxf7+ Rxf7 31. Bxc8 b5 32. Rd7 a5 33. Rxf7+ Kxf7 34. Ba6 b4 35. Bc4+ 1-0

[Event "Mercredi 2025.01.08 ABCD"]
[Site "Montreal CAN"]
[Date "2025.01.29"]
[Round "4"]
[White "Latorre, Vincent"]
[Black "Guillemette, Hugo"]
[Result "1-0"]
[WhiteElo "2324"]
[BlackElo "2256"]
[WhiteFideId "-1"]
[WhiteFideId "-1"]
[PlyCount "85"]
[GameId "2142799102364420"]
[EventDate "2025.01.08"]
[EventType "tourn"]
[EventRounds "5"]
[EventCountry "CAN"]

1. e4 c5 2. Nf3 e6 3. d4 cxd4 4. Nxd4 Nc6 5. c4 Nf6 6. Nc3 d5 7. cxd5 exd5 8. Bb5 Bd7 9. exd5 Nxd4 10. Qxd4 Be7 11. d6 Bxb5 12. Nxb5 Qa5+ 13. Bd2 Qxb5 14. dxe7 Rc8 15. Bc3 Kxe7 16. O-O-O Kf8 17. Rhe1 Qb6 18. Qf4 h5 19. Kb1 Rh6 20. Rd6 Qc5 21. Rd8+ Rxd8 22. Bb4 Qxb4 23. Qxb4+ Kg8 24. Qxb7 Rd7 25. Qc8+ Kh7 26. Re8 Rd2 27. Rh8+ Kg6 28. Rxh6+ gxh6 29. Qc3 Rd5 30. a4 h4 31. b4 Rg5 32. Qc6 Rg4 33. b5 Re4 34. a5 Re1+ 35. Kb2 Re6 36. Qc5 Re2+ 37. Kb3 Ne4 38. Qxa7 Rxf2 39. Qxf2 Nxf2 40. a6 Ne4 41. a7 Nc5+ 42. Kb4 Nd3+ 43. Kc3 1-0

[Event "Mercredi 2025.01.08 ABCD"]
[Site "Montreal CAN"]
[Date "2025.01.29"]
[Round "4"]
[White "Lima-Barbosa, Raphael"]
[Black "Nesterov, Timour"]
[Result "1-0"]
[WhiteElo "1928"]
[BlackElo "1954"]
[WhiteFideId "-1"]
[WhiteFideId "-1"]
[PlyCount "83"]
[GameId "2142799102548781"]
[EventDate "2025.01.08"]
[EventType "tourn"]
[EventRounds "5"]
[EventCountry "CAN"]

1. c4 c5 2. g3 Nf6 3. Bg2 Nc6 4. Nf3 g6 5. O-O Bg7 6. Nc3 O-O 7. a3 d5 8. cxd5 Nxd5 9. Qc2 Nxc3 10. dxc3 Qc7 11. e4 b6 12. Be3 Bb7 13. Rfd1 Rad8 14. Bf4 Qc8 15. Rxd8 Rxd8 16. Rd1 h6 17. h4 Rxd1+ 18. Qxd1 Qe6 19. Qd2 Kh7 20. h5 Na5 21. hxg6+ fxg6 22. Bb8 Bxe4 23. Bxa7 Qc6 24. Qf4 Qb7 25. Qxe4 Qxe4 26. Ng5+ hxg5 27. Bxe4 Nc4 28. Bd5 Nxb2 29. c4 Na4 30. Bc6 Nc3 31. Bxb6 Ne2+ 32. Kf1 Nd4 33. Bd7 Nb3 34. Ke2 Bc3 35. Bd8 e5 36. Bxg5 Kg7 37. Be8 Na5 38. Kd3 Be1 39. Be3 e4+ 40. Kxe4 Nxc4 41. Bxc5 Bc3 42. Kd3 1-0

[Event "Mercredi 2025.01.08 ABCD"]
[Site "Montreal CAN"]
[Date "2025.01.29"]
[Round "4"]
[White "Pomerantz, Daniel"]
[Black "Genzling, Jerome"]
[Result "0-1"]
[WhiteElo "2083"]
[BlackElo "2143"]
[WhiteFideId "-1"]
[WhiteFideId "-1"]
[PlyCount "94"]
[GameId "2142799102495504"]
[EventDate "2025.01.08"]
[EventType "tourn"]
[EventRounds "5"]
[EventCountry "CAN"]

1. e4 c5 2. Nf3 Nc6 3. Bb5 g6 4. Bxc6 dxc6 5. d3 Bg7 6. h3 Nf6 7. Nc3 Nd7 8. Be3 e5 9. Qd2 h6 10. O-O Qe7 11. Nh2 Nf8 12. f4 exf4 13. Bxf4 Ne6 14. Be3 Nd4 15. Nd1 Be6 16. c3 Nb5 17. a4 Nd6 18. Nf3 c4 19. Nd4 cxd3 20. Nxe6 Qxe6 21. Nf2 O-O 22. Qxd3 Nc4 23. Qe2 Nxe3 24. Qxe3 Qb3 25. Ng4 h5 26. Nf6+ Bxf6 27. Rxf6 Qxb2 28. Qe1 Rad8 29. Rb1 Qc2 30. Rf2 Qxa4 31. Ra1 Qc4 32. Rxa7 Rd7 33. e5 Re8 34. Qe3 Qd5 35. Re2 Rde7 36. Qd4 Qe6 37. Qb6 Qc4 38. Rf2 Qxc3 39. Rxb7 Kg7 40. e6 Qe1+ 41. Rf1 Qxe6 42. Rxe7 Rxe7 43. Rc1 Qd6 44. Rxc6 Re1+ 45. Kf2 Qd2+ 46. Kg3 h4+ 47. Kh2 Qf4+ 0-1

[Event "Mercredi 2025.01.08 ABCD"]
[Site "Montreal CAN"]
[Date "2025.01.29"]
[Round "4"]
[White "Ramesan, Raunak Amit"]
[Black "Ali, Nehad"]
[Result "1-0"]
[WhiteElo "1949"]
[BlackElo "1939"]
[WhiteFideId "-1"]
[WhiteFideId "-1"]
[PlyCount "67"]
[GameId "2142799102548782"]
[EventDate "2025.01.08"]
[EventType "tourn"]
[EventRounds "5"]
[EventCountry "CAN"]

1. e4 e6 2. d4 d5 3. e5 c5 4. c3 Nc6 5. Nf3 Bd7 6. Be2 c4 7. Nbd2 b5 8. Nf1 h6 9. Ng3 a5 10. Bd2 g6 11. Nf1 Nge7 12. Ne3 Qb6 13. Ng4 Ng8 14. h3 b4 15. Qc2 h5 16. Ne3 a4 17. O-O a3 18. bxa3 bxc3 19. Bxc3 Bxa3 20. Rab1 Qa7 21. g3 Nh6 22. Qd2 Nf5 23. Nxf5 gxf5 24. Qg5 Bf8 25. Rb2 Qa3 26. Rc2 Rb8 27. Bd2 Rb2 28. Rxb2 Qxb2 29. Qf6 Rg8 30. Ng5 Nd8 31. Bxh5 Rg7 32. Ba5 Qb8 33. Bxd8 Rxg5 34. Bxf7# 1-0

[Event "Mercredi 2025.01.08 ABCD"]
[Site "Montreal CAN"]
[Date "2025.02.04"]
[Round "4"]
[White "Mok, Yuen Tak"]
[Black "Cardin, Guillaume"]
[Result "1-0"]
[WhiteElo "2121"]
[BlackElo "2092"]
[WhiteFideId "-1"]
[WhiteFideId "-1"]
[PlyCount "107"]
[GameId "2142799102495506"]
[EventDate "2025.01.08"]
[EventType "tourn"]
[EventRounds "5"]
[EventCountry "CAN"]

1. e4 e5 2. Nf3 Nc6 3. Bc4 Bc5 4. c3 Nf6 5. d4 exd4 6. e5 d5 7. Bb5 Ne4 8. cxd4 Bb6 9. Nc3 O-O 10. Be3 Bg4 11. h3 Bh5 12. Qa4 Ba5 13. Bxc6 Bxc3+ 14. bxc3 bxc6 15. Qxc6 Rb8 16. c4 Nc3 17. Bd2 Rb6 18. Qc5 Ne4 19. Qxd5 Nxd2 20. Nxd2 Qg5 21. h4 Qe7 22. O-O Qxh4 23. Qe4 Qg5 24. Qe3 Qg6 25. Nb3 Qf5 26. f4 Rg6 27. Rf2 Rg4 28. Re1 Bg6 29. Rf3 h5 30. d5 h4 31. Nd4 Qd7 32. Nc6 Re8 33. Qf2 Bf5 34. e6 fxe6 35. Ne5 Qa4 36. Nxg4 Bxg4 37. Rc3 exd5 38. Rxe8+ Qxe8 39. cxd5 Qe4 40. Rxc7 Qxd5 41. Kh2 a5 42. Rc5 Qd8 43. Rg5 Be6 44. Qxh4 Qc7 45. a3 a4 46. Qg3 Qd7 47. Qh4 Qe7 48. Rh5 Qd7 49. Rh8+ Kf7 50. Qh5+ Ke7 51. Qc5+ Kf7 52. Rf8+ Kg6 53. Qg5+ Kh7 54. Qh5# 1-0

[Event "Mercredi 2025.01.08 ABCD"]
[Site "Montreal CAN"]
[Date "2025.02.05"]
[Round "5"]
[White "Ali, Nehad"]
[Black "Boudreau, Daniel"]
[Result "1-0"]
[WhiteElo "1939"]
[BlackElo "1906"]
[WhiteFideId "-1"]
[WhiteFideId "-1"]
[PlyCount "83"]
[GameId "2142799102548785"]
[EventDate "2025.01.08"]
[EventType "tourn"]
[EventRounds "5"]
[EventCountry "CAN"]

1. c4 e6 2. Nc3 d5 3. d4 Nf6 4. e3 Be7 5. Nf3 O-O 6. Bd2 b6 7. Be2 Bb7 8. O-O dxc4 9. Bxc4 c5 10. Be2 Nc6 11. dxc5 Bxc5 12. a3 a5 13. Qc2 Qe7 14. Rfd1 Rac8 15. Rac1 e5 16. Qb1 h6 17. Na4 e4 18. Ne1 Ne5 19. Nxc5 Rxc5 20. Rxc5 Qxc5 21. b4 Qc7 22. bxa5 bxa5 23. Rc1 Nc6 24. Nc2 Qd6 25. Bc3 Ba8 26. Qa1 Rb8 27. Nd4 Nxd4 28. Bxd4 Rd8 29. h3 Bd5 30. a4 Ne8 31. Bb5 f6 32. Qc3 Qb4 33. Qa1 Qe7 34. Bb6 Ra8 35. Qd4 Bf7 36. Qd2 Qb4 37. Qd7 g6 38. Qb7 Qd2 39. Qxa8 Qxc1+ 40. Kh2 Kf8 41. Bxa5 Qc2 42. Bb4+ 1-0

[Event "Mercredi 2025.01.08 ABCD"]
[Site "Montreal CAN"]
[Date "2025.02.05"]
[Round "5"]
[White "Barko, Maxim"]
[Black "Lima-Barbosa, Raphael"]
[Result "1-0"]
[WhiteElo "1955"]
[BlackElo "1928"]
[WhiteFideId "-1"]
[WhiteFideId "-1"]
[PlyCount "73"]
[GameId "2142799102548784"]
[EventDate "2025.01.08"]
[EventType "tourn"]
[EventRounds "5"]
[EventCountry "CAN"]

1. d4 Nf6 2. c4 g6 3. Nc3 Bg7 4. e4 d6 5. Be2 Na6 6. Bg5 c5 7. d5 O-O 8. Qd2 Re8 9. h4 Nc7 10. Rd1 b5 11. cxb5 a6 12. a4 Rb8 13. Qc2 Ng4 14. h5 h6 15. Bc1 g5 16. f3 Ne5 17. f4 gxf4 18. Bxf4 e6 19. Qd2 Qf6 20. dxe6 Bxe6 21. Nf3 Bb3 22. Rc1 axb5 23. axb5 Nxf3+ 24. Bxf3 Ne6 25. Be3 Bc4 26. Kf2 Bxb5 27. Qxd6 Red8 28. Qg3 Rd3 29. Qxb8+ Kh7 30. Qxb5 Rxe3 31. Nd5 Rxf3+ 32. gxf3 Qd4+ 33. Ke1 Be5 34. Qe2 Bg3+ 35. Kf1 Qe5 36. Rg1 Nd4 37. Qg2 1-0

[Event "Mercredi 2025.01.08 ABCD"]
[Site "Montreal CAN"]
[Date "2025.02.05"]
[Round "5"]
[White "Both, Aaron"]
[Black "Deboosere, Adam"]
[Result "1-0"]
[WhiteElo "1977"]
[BlackElo "2003"]
[WhiteFideId "-1"]
[WhiteFideId "-1"]
[PlyCount "124"]
[GameId "2142799102540578"]
[EventDate "2025.01.08"]
[EventType "tourn"]
[EventRounds "5"]
[EventCountry "CAN"]

1. f4 Nf6 2. Nf3 e6 3. g3 Be7 4. Bg2 d5 5. O-O O-O 6. d3 c5 7. Qe1 Nc6 8. e4 dxe4 9. dxe4 Nd4 10. Nxd4 Qxd4+ 11. Kh1 Bd7 12. Nc3 Bc6 13. a3 Qc4 14. b3 Qa6 15. Bb2 Rfd8 16. h3 b5 17. g4 Qb7 18. g5 Ne8 19. Nd1 Nd6 20. Nf2 Nf5 21. Ng4 Bxe4 22. Rg1 Bxg2+ 23. Rxg2 Qf3 24. Qc3 Qxc3 25. Bxc3 Rd5 26. Rag1 Nh4 27. Rg3 Ng6 28. Ne3 Rd7 29. f5 exf5 30. Nxf5 Bf8 31. h4 Nf4 32. Re1 Rad8 33. Rg4 Nd5 34. Bb2 Ne7 35. Ne3 g6 36. Rf4 Bg7 37. Bxg7 Kxg7 38. Ref1 Rf8 39. Ng4 Nf5 40. Nf6 Rd2 41. Ne4 Rd4 42. Nxc5 Rd5 43. Ne4 Re8 44. Nf6 Ng3+ 45. Kg2 Nxf1 46. Nxe8+ Kf8 47. Nf6 Rd2+ 48. Kxf1 Rxc2 49. Nxh7+ Ke7 50. Nf6 Ra2 51. a4 Rb2 52. Rb4 bxa4 53. bxa4 Rh2 54. Kg1 Rd2 55. Rb7+ Ke6 56. Rxa7 Rd4 57. a5 Rxh4 58. a6 Ra4 59. Ra8 Ra5 60. a7 Rxg5+ 61. Kf2 Kxf6 62. Re8 Rg1 1-0

[Event "Mercredi 2025.01.08 ABCD"]
[Site "Montreal CAN"]
[Date "2025.02.05"]
[Round "5"]
[White "Cardin, Guillaume"]
[Black "Gelet, Seymour"]
[Result "1/2-1/2"]
[WhiteElo "2092"]
[BlackElo "2101"]
[WhiteFideId "-1"]
[WhiteFideId "-1"]
[PlyCount "132"]
[GameId "2142799102495508"]
[EventDate "2025.01.08"]
[EventType "tourn"]
[EventRounds "5"]
[EventCountry "CAN"]

1. d4 d5 2. c4 e6 3. Nf3 a6 4. Bg5 Be7 5. Bxe7 Qxe7 6. Nbd2 Nf6 7. g3 b6 8. Bg2 Bb7 9. Rc1 O-O 10. O-O Rc8 11. cxd5 Bxd5 12. a3 Nbd7 13. Re1 Ne4 14. Qc2 Nxd2 15. Nxd2 Bxg2 16. Kxg2 c5 17. dxc5 Rxc5 18. Qe4 Rac8 19. Rxc5 Nxc5 20. Rc1 Rd8 21. Qc2 Qb7+ 22. Nf3 h6 23. b4 Ne4 24. Qc6 Qxc6 25. Rxc6 Rd6 26. Ne5 Rxc6 27. Nxc6 Nd6 28. Kf3 f6 29. a4 Kf7 30. a5 bxa5 31. Nxa5 e5 32. Nb3 Nb7 33. e4 Ke7 34. Kg4 g6 35. f4 Ke6 36. h4 h5+ 37. Kf3 Kd6 38. g4 Kc6 39. f5 gxf5 40. gxh5 fxe4+ 41. Ke3 Nd6 42. Nc5 Kb5 43. Nxe4 Nf5+ 44. Kd3 Kxb4 45. Nxf6 Nh6 46. Nd5+ Kc5 47. Ke4 Kd6 48. Nb6 Ke6 49. Na4 Kd6 50. Nb6 Ke6 51. Na4 Kd6 52. Nb2 Ke6 53. Nd3 Ng4 54. Nc5+ Kd6 55. Kf3 Nf6 56. Nxa6 Nxh5 57. Kg4 Ng7 58. Nb4 e4 59. Nc2 Ke5 60. Ne3 Kd4 61. Ng2 Ke5 62. Kg5 Ne6+ 63. Kg4 Ng7 64. Kg5 Ne6+ 65. Kg4 Ng7 66. Kg5 Ne6+ 1/2-1/2